Responses for Show #5342 - Tuesday, November 27, 2007

Lisa Klink game 2.

Contestants

[<< previous game]

Andy Anderson, a naval architect from Alexandria, Virginia

Heather Fach, a creative director from La Vergne, Tennessee

Lisa Klink, a TV writer from Los Angeles, California (whose 1-day cash winnings total $12,300)

[next game >>]

Jeopardy! Round responses

THE NEW MEXICO DESERT
MAPPING THE TOP 40
FIRST NAMES
I RESIGN!
EXERCISE WEAR
"PLAY" ALONG
    $200 18
Chihuahua (or the Chihuahuan Desert)

Heather
    $200 16
U.S.A.

Heather
    $200 11
William

Heather
    $200 6
Tommy LaSorda

Lisa
    $200 26
a sweatshirt

Heather
    $200 1
a playmate

Lisa
    $400 19
a roadrunner

Lisa
    $400 17
the Hotel California

Andy
    $400 12
Guinevere

Heather
    $400 7
Nixon

Andy
    $400 27
(Lisa: What is a tank top?)
(Andy: What is a T-shirt?)

a (sleeveless) vest

LisaAndy
Triple Stumper
    $400 2
to downplay

Lisa
    $1,000 23
(Lisa: What is Ground Zero?)

Trinity

Lisa
    $600 20
New York City

Lisa
    $600 13
Jason

Lisa
    $600 8
Thomas Edison

Heather
    $600 28
New Balance

Heather
    $600 3
(Alex: They're writers. They came up with great [*]. Sorry, Lisa, not quickly enough.)

screenplays

Triple Stumper
    $800 24
lava

Heather
    $800 21
Philadelphia

Lisa
    $800 14
(Alex: For [*] Christie, yes.)

Agatha

Lisa
    $800 9
Warren Burger

Triple Stumper
    $800 29
triathlon

Heather
    $800 4
horseplay

Heather
    $1000 25
Columbia

Heather
    $1000 22
New Orleans

Triple Stumper
    $1000 15
Frank

Heather
    $1000 10
Mae Jemison

Lisa
    $1000 30
(Alex: And I'm going to go look at that copy of Sports Illustrated right now. Refresh old memories.)

a maillot

Lisa
    $1000 5
Playbill

Heather

Scores at the first commercial break (after clue 15):

Lisa Heather Andy
$3,200 $4,000 $400

Scores at the end of the Jeopardy! Round:

Lisa Heather Andy
$4,600 $7,800 $400

Double Jeopardy! Round responses

ASTRONOMY
ACTING THE PART
ALPHABETICALLY LAST
NASAL PASSAGES
THE ARTS
DOUBLE TALK
    $400 1
rings

Lisa
    $400 2
Ben Affleck

Lisa
    $400 12
Woodrow Wilson

Triple Stumper
    $400 8
The Owl and the Pussycat

Heather
    $400 17
tapestries

Andy
    $400 20
bling bling

Lisa
    $800 5
Uranus

Heather
    $800 3
Reese Witherspoon

Lisa
    $800 13
Virginia

Lisa
    $800 27
(Cyrano) de Bergerac

Andy
    $800 18
furniture

Triple Stumper
    $800 21
the can-can

Heather
    $1200 6
a spiral galaxy

Lisa
    $1200 4
Russell Crowe

Andy
    $1200 14
(Andy: Who is Ruth?)
(Lisa: Who is Cy Young?)

Honus Wagner

LisaAndy
Triple Stumper
    $1200 28
(George) Orwell

Heather
    $1200 19
the Globe

Andy
    $1200 24
20/20

Andy
    $1600 9
(Andy: What are quarks?)
(Heather: What are pulsars?)

quasars

LisaHeatherAndy
    $1600 7
(Alex: Yes, Rocky and Rambo.)

Sylvester Stallone

Andy
    $1600 15
Saskatchewan

Triple Stumper
    $1600 29
Tennyson

Andy
    $1600 22
The Blue Boy

Lisa
    $1600 25
pawpaw

Triple Stumper
    $2,000 10
(Alex: A very important get for you, and a very important miss for Heather and Andy. You have $9000.)
...
(Alex: ...Lisa?)
(Lisa: What are the Canids?)

the Leonids

Lisa
    $2000 11
Geena Davis

Lisa
    $2000 16
Porthos

Lisa
    $3,000 30
(Andy: Who is... Marie Antoinette?)

Cleopatra

Andy
    $2000 23
Phidias

Triple Stumper
    $2000 26
the Mau Mau movement

Triple Stumper

Scores at the end of the Double Jeopardy! Round:

Lisa Heather Andy
$12,600 $9,400 $2,600

[wagering suggestions for these scores]

Final Jeopardy! Round responses

CURRENT AMERICAN BUSINESS
(Alex: [After revealing Heather's response] In mathematics, a googol--G-O-O-G-O-L--is a one followed by 100 zeros. That's a big amount. When they created Google--G-O-O-G-L-E--they were emphasizing the fact that they were dealing with a vast amount of information.)
AndyWhat is Yahoo?
$100
HeatherWhat is Google?
$3,300
LisaWhat is Google?
$7,500
Google, Inc.

Final scores:

Lisa Heather Andy
$20,100 $12,700 $2,500
2-day champion: $32,400 2nd place: $2,000 3rd place: $1,000

Game dynamics:

Coryat scores:

Lisa Heather Andy
$15,600 $9,400 $5,600
20 R,
4 W
(including 2 DDs)
17 R,
1 W
9 R,
4 W
(including 1 DD)

Combined Coryat: $30,600

[game clues] [game scores] [suggest correction]

Game tape date: 2007-08-21
The J! Archive is created by fans, for fans. Scraping, republication, monetization, and malicious use prohibited; this site may use cookies and collect identifying information. See terms. The Jeopardy! game show and all elements thereof, including but not limited to copyright and trademark thereto, are the property of Jeopardy Productions, Inc. and are protected under law. This website is not affiliated with, sponsored by, or operated by Jeopardy Productions, Inc. Join the discussion at JBoard.tv.